LEADER 00874nam0 2200265 450 001 000023790 005 20081211110550.0 010 $a0-316-28959-0 100 $a20081211d1977----km-y0itaa50------ba 101 0 $aeng 102 $aUS 200 1 $aDaniel Martin$fJohn Fowles 210 $aBoston$cLittle, Brown$dc1977 215 $a629 p.$d24 cm. 676 $a820.9351$v(21. ed.)$9Letteratura inglese su specifici soggetti 700 1$aFowles,$bJohn$0163921 801 0$aIT$bUniversità della Basilicata - B.I.A.$gRICA$2unimarc 912 $a000023790 996 $aDaniel Martin$991716 997 $aUNIBAS BAS $aLETTERE CAT $aSTD070$b01$c20081211$lBAS01$h1105 CAT $aATR$b40$c20100113$lBAS01$h1128 FMT Z30 -1$lBAS01$LBAS01$mBOOK$1BASA1$APolo Storico-Umanistico$2FAA$BFondo anglo-americano$63075$5L3075$820081211$f04$FPrestabile Didattica LEADER 00967nam a22002291i 4500 001 991000123039707536 008 220303s1902 it a b 001 0 ita d 035 $ab14431890-39ule_inst 040 $aBiblioteca Interfacoltà$bita 082 04$a631.8 084 $aCDU 631.816 110 2 $aFederazione italiana dei consorzi agrari$0354105 245 10$aAnnali della Sezione di propaganda per l'uso razionale dei concimi :$banni 1898-99-900-901 /$cFederazione italiana dei consorzi agrari 260 $aPiacenza :$bStab. Tip. V. Porta,$c1902 300 $aXXXII, 304 p. :$bill. ;$c30 cm 650 4$aConcimi 907 $a.b14431890$b03-03-22$c03-03-22 912 $a991000123039707536 945 $aLE002 Fondo Daniele 001$g1$i2002001109452$lle002$og$pE5.16$q-$rn$so $t0$u0$v0$w0$x0$y.i16000894$z03-03-22 996 $aAnnali della sezione di propaganda per l'uso razionale dei concimi$9408567 997 $aUNISALENTO 998 $ale002$b03-03-22$cm$da $e-$fita$git $h0$i0 LEADER 02610nam0 22005173i 450 001 IEI0068523 005 20251003044157.0 100 $a19930312d1992 ||||0itac50 ba 101 | $aita 102 $ait 181 1$6z01$ai $bxxxe 182 1$6z01$an 183 1$6z01$anc$2RDAcarrier 200 1 $aPietro Grifone$easpetti della riforma agraria nel PCI dal 1944 al 1963$fAnnamaria Lepre Levrero, Elio Silvano Levrero 210 $a\Salerno!$cBoccia Editore$dstampa 1992 215 $a477 p.$d21 cm 606 $aGrifone, Pietro$2FIR$3BVEC067534$9I 606 $aPartito comunista italiano$xPolitica agraria$x1944-1963$2FIR$3BVEC067535$9I 606 $aGrifone, Pietro$2FIR$3BVEC067534$9I 606 $aPartito comunista italiano$xPolitica agraria$x1944-1963$2FIR$3BVEC067535$9I 676 $a324.245075$9PARTITO COMUNISTA ITALIANO$v14 676 $a324.2450750092$9$v21 686 $aIT/342.5/PCI$cPARTITI E MOVIMENTI POLITICI ITALIA PARTITO COMUNISTA ITALIANO 1945-1968$2R 686 $aIT/3430.1$cQUESTIONE MERIDIONALE ITALIA 1945-1968$2R 686 $aIT/3431.0$cAGRICOLTURA ITALIA 1945-1968$2R 686 $aIT/3431.1$cPOLITICA E LEGISLAZIONE AGRICOLA ITALIA 1945-1968$2R 686 $aIT/3431.8$cORGANIZZAZIONI IMPRENDITORIALI E CONSORTILI ITALIA 1945-1968$2R 686 $aIT/3436.6$cLOTTE AGRARIE ITALIA 1945-1968$2R 686 $aIT/3436.8$cORGANIZZAZIONI SINDACALI E ALTRE ITALIA 1945-1968$2R 686 $aX0.1$cBIOGRAFIE GENERALI$2R 700 1$aLevrero$b, Elio Silvano$3IEIV034486$4070$0361311 701 1$aLepre Levrero$b, Annamaria$3IEIV034487$4070$0361310 801 3$aIT$bIT-000000$c19930312 850 $aIT-BN0095 $aIT-SA0037 $aIT-SA0200 $aIT-SA0252 $aIT-AV0007 $aIT-SA0045 $aIT-SA0335 901 $bNAP 83$cDIM $n$ 901 $bNAP 63$cDONO $n$ 901 $bNAP PV$cBIB PV $n$ 901 $bNAP BM$cF. CURCIO $n$ 901 $bNAP 42$cS. MODERNA$n$ 901 $bNAP AV$cSEZ. M $nSezione Moderna 901 $bNAP 01$cPOZZO LIB.$nVi sono collocati fondi di economia, periodici di ingegneria e scienze, periodici di economia e statistica e altri fondi comprendenti documenti di economia pervenuti in dono. 912 $aIEI0068523 950 0$aBiblioteca Centralizzata di Ateneo$b1 v.$c1 v.$d 01POZZO LIB.ECON MON 9759$e 0101 0000111115E VMA 1 v. (precedente collocazione: GUERRAZZI A 425)$fB $h20091214$i20091214 977 $a 01$a 42$a 63$a 83$a AV$a BM$a PV 996 $aPietro Grifone$91525907 997 $aUNISANNIO